000 00388cam a22001457a 4500
008 180718b1997 xxu||||| |||| 00| 0 eng d
020 _a1851527966
082 _aZ27 B126
245 _aA-Z of popular garden plants
_cedited by Alan Titchmarsh
260 _aLondon
_bChancellor
_c1997
300 _a256p.
650 _aPlants, Ornamental
650 _aGardens
700 _aTitchmarsh, Alan
999 _c391697
_d391697